| 000 | 00628nam a22002297a 4500 | ||
|---|---|---|---|
| 005 | 20260422162917.0 | ||
| 008 | 260422b |||||||| |||| 00| 0 eng d | ||
| 020 |
_a9781119515494 _qhb |
||
| 082 |
_a620.23 _bPAN |
||
| 100 | _aPang, Jian | ||
| 245 | _aNoise and vibration control in automotive bodies | ||
| 260 |
_aHoboken, NJ _bJohn Wiley _c2019 |
||
| 300 | _axiv, 514p. ; 25cm. | ||
| 440 | _aAutomotive series | ||
| 653 | _aNoise and vibration problems | ||
| 653 | _aSound radiation | ||
| 653 | _aAcoustic cavity Mode | ||
| 653 | _aAutomobiles - Noise | ||
| 653 | _aME432 | ||
| 653 | _aME632 | ||
| 942 |
_2ddc _cBK |
||
| 999 |
_c53145 _d53145 |
||